Estadísticas para Rosco de Pasapalabra #25

Haz click aquí para intentar la prueba.

Estadísticas generales

  • Esta prueba ha sido intentada 143 veces
  • La puntuación promedio es 14 de 25

Estadísticas de respuestas

InicialDefiniciónRespuesta% Correcto
BDeporte entre dos equipos de 9 jugadores que han de recorrer las bases de un circuito tras batear la pelotaBéisbol
100%
CÓrgano del sistema nervioso central que ocupa la mayor parte del cráneoCerebro
99%
APosarse un avión u otro artefacto volador sobre tierra firme u otra superficie que sirva para elloAterrizar
91%
JPersona que trabaja por un salario diario, especialmente si lo hace en el campoJornalero
86%
DAdverbio que significa 'en la parte posterior'Detrás
83%
MFacultad psíquica por medio de la cual se retiene y recuerda el pasadoMemoria
83%
UAnimal fantástico con figura de caballo y un cuerno recto en mitad de la frenteUnicornio
83%
OSituación de la persona que disfruta de su tiempo libreOcio
82%
PTubérculo redondeado, con piel de color terroso e interior amarillentoPatata
81%
VPercibir con los ojos algo mediante la acción de la luzVer
80%
HVoz inglesa que designa el vestíbulo de un edificio o de una viviendaHall
79%
NCarta de la barajaNaipe
75%
SExtraer la humedad, o hacer que se evapore de un cuerpo mojado, mediante el aire o el calor que se le aplicaSecar
71%
REdificio situado en determinados lugares de las montañas para acoger a viajeros y excursionistasRefugio
62%
Contiene la ÑGrupo de reses, particularmente lanares, que se crían juntasRebaño
59%
GChica o chico que se contrata para bailar en una discoteca o sala de fiestasGogó
50%
TCiudad que es capital de LibiaTrípoli
46%
Contiene la XFlojo, que no tiene la tensión que naturalmente debe tenerLaxo
33%
IModelo perfecto que sirve de norma en cualquier dominioIdeal
28%
EPulsera sin adornos y que no se abreEsclava
27%
ZCualidad de la persona holgazana, que no hace nada de provechoZanganería
15%
Contiene la QReflexión interior o en voz alta y a solasSoliloquio
14%
LLíquido rojo parduzco, que se puede mezclar con agua, alcohol y bencina, como desinfectante e insecticidaLisol
5%
FNombre que utilizó en sus poemas el escritor Lope de Vega para referirse a la dama Elena OsorioFilis
4%
Contiene la YApellido de la fotógrafa que publicó el libro 'Plastic Crowns'Khanyile
3%

Distribución de puntuación

Porcentaje por número respondido

Porcentaje de gente con cada puntuación

Historial de tus puntuaciones

No has intentado esta prueba.